Complete the Titles of Songs by The Beach Boys - Statistics

General Stats
  • This quiz has been taken 101 times
    76 since last reset
  • The average score is 15 of 18
Answer Stats
Answer % Correct
Surfin' {U.S.A.}
100%
Fun, Fun, {Fun}
95%
Surfin' {Safari}
94%
Wouldn't It Be {Nice}
94%
Good {Vibrations}
92%
California {Girls}
90%
Surfer {Girl}
90%
Help Me, {Rhonda}
87%
I Get {Around}
87%
Sloop John {B}
87%
Barbara {Ann}
85%
Don't Worry {Baby}
85%
Little Deuce {Coupe}
84%
When I Grow Up (To Be a {Man})
81%
Little Saint {Nick}
77%
I Can Hear {Music}
74%
Heroes and {Villains}
73%
Do It {Again}
71%
No matching quizzes found
Score Distribution
Percent of People with Each Score
Percentile by Number Answered
Your Score History
You have not taken this quiz since the last reset